000
00238nam a2200097Ia 4500
008
230915s9999 xx 000 0 und d
050
_a
QH308.2.2000
100
_a
NEIL A. CAMPBELL
245
0
_a
BIOLOGY:CONCEPTS AND CONNECTIONS
942
_c
BK
999
_c
62874
_d
62874